000 00791nam a2200205 a 4500
001 000039385
005 20201002031626.0
008 130625s1994 sp 000 0 spa d
020 _a8400074564
040 _aDO-SdBNP
_bspa
_cBNPHU
100 1 _aFath al-Andalus. Árabe
_965593
245 0 _aFath Al-Andalus :
_bla conquista de Al-Andalus /
_cestudio y edición crítica, Luis Molina.
260 _aMadrid :
_bConsejo Superior de Investigaciones Científicas :
_bAgencia Española de Cooperación Internacional,
_c1994.
300 _aXLI, 149 p ;
_c24 cm.
490 1 _aFuentes arábico-hispanas ;
_v18
546 _aTexto en árabe, estudio en español
504 _aBibliografía : p. XXXIX -XLI
700 1 _aMolina, Luis
_ved.
_962117
830 0 0 _aFuentes arábico-hispanas ;
_v18
_965581
999 _c38875
_d38875